000 00477nam a2200181Ia 4500
008 230917s9999||||xx |||||||||||||| ||und||
020 _cRS200
040 _e227883
_aMAIN
041 _aEnglish
082 _a342 J78I(2)
100 _aJoshi, K C
245 0 _aIntroduction to administrative law
250 _a2nd ed.
260 _aAllahabad
_bCentral Law Publications
_c2012
300 _a336 p.
500 _a2086 26/08/2015 KB15/115 11/09/2015 Main Budget
942 _cBK
999 _c15658
_d15658